Top 10 Songs by Pearl Jam - Statistics

General Stats
  • This quiz has been taken 29 times
  • The average score is 7 of 10
Answer Stats
Hint Answer % Correct
3 Black
100%
2 Alive
96%
1 Even Flow
88%
4 Jeremy
88%
9 Daughter
75%
5 Better Man
67%
8 Yellow Ledbetter
54%
10 Just Breathe
50%
6 Rearviewmirror
33%
7 Given to Fly
13%
No matching quizzes found
Score Distribution
Percent of People with Each Score
Percentile by Number Answered
Your Score History
You have not taken this quiz